01267nam a2200337Ia 4500003001000000005001700010007000300027008004100030020001500071040003500086041000800121082001500129100002700144245007800171250002200249264004900271300003300320336002700353337003300380338002800413490003700441504003800478650005800516650007400574650004000648650003800688700004400726942001200770999001700782952013000799CO-BoRNBP20240527141240.0ta121119s1997 ck gr 000 0 spa  a9583800708 aCO-BoRNBPbspaerdacCO-BoRNBP0 aspa04a330 bB21t1 aBecker, Gary S.94155910aTeoría económicacGary S. Becker ; traducciòn, Ana Catalina Mayoral aPrimera edición aBogotábFondo de Cultura Económicac1997 a277 páginasbilustraciones atextobtxt2rdacontent asin mediaciónbn2rdamedia avolumenbnc2rdacarrier0 aSección de obras de economía aBibliografía: páginas 266-27114aEconomíaxProblemas, ejercicios, etc. 2LEMB94156014aMatemáticas financieras xProblemas, ejercicios, etc. 2LEMB94156114aEconomía xTeorías2LEMB94156214aTeoría económica2LEMB9385341 aMayoral, Ana Catalinaetraductor941563 2ddccBK c38178d38178 00102ddc40708GENaMEGUAMALbMEGUAMALcGENd2024-05-27l0o330 B21tpGUA003891r2024-05-27 14:13:52tEj.1w2024-05-27yBK